000 00575nam a2200241Ia 4500
003 OSt
005 20220912152138.0
006 a|||||r|||| 00| 0
007 ta
008 220909b |||||||| |||| 00| 0 eng d
024 _a58425
037 _cTextual
040 _aCSL
_beng
_cCSL
041 _aeng
082 _aI21, G9 CS
100 _aBigger J W
245 0 _aManagement microbe
260 _c1949
300 _ap.
_ccm.
650 _aBotany
942 _hI21, G9 CS
_cTEXL
_2CC
999 _c81644
_d81644